Представление документа в формате RUSMARC

ПолеНазваниеЗначение
  Тип записи a
  Библиографический уровень m
001 Контрольный номер RU/SLIB/B/208786574
005 Дата корректировки 20201206204403.6
010 Индекс ISBN __
d Цена 0-30
101 Язык документа __
a Язык текста rus
c Язык оригинала rus
200 Заглавие и сведения об ответственности 0_
a Заглавие Красные дьяволята
f Первые сведения об ответственности Бляхин П.
b Общее обозначение материала Текст
210 Выходные данные __
a Место издания Вологда
c Издательство Сев.-Зап. кн. изд-во
d Дата издания 1968
215 Физическое описание __
a Объем 80 с.
606 Тематические рубрики __
a Основная рубрика Художественная литература
y Географическая подрубрика Россия
606 Тематические рубрики __
a Основная рубрика Русская литература XX в. (произведения)
610 Ключевые слова __
a Ключевые слова Гражданская война; дети; тема войны
686 Индексы других классификаций __
a Классификационный индекс 84(2Рос=Рус)6-4
700 Автор _1
a Фамилия Бляхин
b Имя П.
4 Код отношения 070
801 Источник записи _0
a Страна RU
b Организация Муниципальное бюджетное учреждение культуры "Централизованная библиотечная система" г. Сургут (Центральная городская библиотека им. А. С. Пушкина)
g Правила каталогизации ЦДБ/Суздальцева
801 Источник записи _1
a Страна RU
b Организация Муниципальное бюджетное учреждение культуры "Централизованная библиотечная система" г. Сургут (Центральная городская библиотека им. А. С. Пушкина)
g Правила каталогизации ЦДБ/Суздальцева
852 Данные о местонахождении __
j Шифр хранения 84(2Рос=Рус)6-4
c Каталожный индекс 84(2Рос=Рус)6-4
i Авторский знак Б 71
p Инвентарный номер 30166
901 Тип документа __
t Тип документа m
903 Характеристики (МАРС) __
a Дата передачи 20060324
990 Данные о заказе (DOS) __
t N записи в КСУ для И/У (DOS) ретр
j Количество экземпляров (DOS) 1